| 000 | 00700nam a2200217 a 4500 | ||
|---|---|---|---|
| 005 | 20240910064325.0 | ||
| 008 | 050411s2001 000 eng d | ||
| 020 | _a8497000285 | ||
| 035 | _aUPN01000138440 | ||
| 049 | _aCG | ||
| 050 | 4 |
_aBF432.3 _bP7.4 |
|
| 100 | 1 |
_aPrieto Sánchez, María Dolores _929584 |
|
| 245 | 1 | 0 |
_aInteligencias múltiples y curriculum escolar / _cMa. Dolores Prieto Sánchez, Carmen Ferrándiz García. |
| 260 |
_aArchidona, Esp. : _bAljibe, _c2001. |
||
| 300 |
_a120 p. : _bcuadros |
||
| 440 | 0 | _aTemas de psicología | |
| 650 | 7 |
_aInteligencias múltiples _2 _9171 |
|
| 650 | 4 |
_aAprendizaje _92861 |
|
| 700 | 1 |
_aFerrándiz, García, Carmen, _ecoaut. |
|
| 905 | _aLibro | ||
| 999 |
_c110588 _d110588 |
||